| 000 | 01890nam a2200337 a 4500 | ||
|---|---|---|---|
| 001 | 000045145 | ||
| 003 | DO-SdBPM | ||
| 005 | 20251114095009.0 | ||
| 007 | ta | ||
| 008 | 150205s2014 dr ac 000 0 spa d | ||
| 040 |
_aDO-SdBPM _bspa _cBPMSU _drda |
||
| 082 | 4 |
_a002.074 _bF356a 2014 _222 |
|
| 111 | 2 |
_aFeria Internacional del Libro _n(17ª : _d2014 : 24 de abril al 5 de mayo _cSanto Domingo, República Dominicana) |
|
| 245 | 1 | 0 |
_aAtlas Ferial : _b el quién es quién de la FIL Santo Domingo, 2014 / _c editora Romina Bayo ; colaboradores Valentín Amaro, Basilio Belliard |
| 246 | 1 | 3 |
_a Feria Internacional del Libro Santo Domingo : _bAtlas ferial |
| 260 | _b | ||
| 264 |
_aSanto Domingo : _bEditora Ferilibro, _c2014 |
||
| 300 |
_a[163] páginas : _bilustraciones, fotografías; _c21 cm. |
||
| 336 |
_atexto _btxt _2rdacontent |
||
| 337 |
_asin mediación _bn _2rdamedia |
||
| 338 |
_avolumen _bnc _2rdacarrier |
||
| 500 | _aPaís invitado de honor: Panamá, dedicada al poeta nacional Domingo Moreno Jimenes | ||
| 505 | 0 | _a24 de abril - Inicia el recorrido.-- 25 de abril - Día de Lusitania Martínez.-- 26 de abril - Día de Frank Báez.-- 27 de abril - Día de Carlos Esteban Deive.-- 28 de abril - Tomás Castro Burdiez.-- 29 de abril - José Miguel Soto Jiménez.-- 30 de abril - Día de Tony Raful.-- 1 de mayo - Día de Miguel De Camps.-- 2 de mayo - Día de Eleonor Grimaldi.-- 3 de mayo - Día de Enegildo Peña.-- 4 de mayo - Día de Medar Serrata.-- 5 de mayo - Día de José Dunker.-- El quién es quién de la FIL 2014. | |
| 590 | _aInventariado, 2025/VM | ||
| 650 | 7 |
_aIndustria del libro _zRepública Dominicana _xCompendio |
|
| 650 | 7 |
_aFeria del libro _zRepública Dominicana _y2014 _v |
|
| 650 | 7 |
_aLibros _zRepública Dominicana _v Exposiciones |
|
| 700 | 1 |
_aBayo, Romina _eeditora |
|
| 910 | _aVMateo V. Control de calidad. BPMSU | ||
| 942 |
_2ddc _cBK |
||
| 999 |
_c15504 _d15504 |
||